000
00299nam a22001337a 4500
008
170222b xxu||||| |||| 00| 0 eng d
020
_a
0815150008
041
_a
eng
080
_a
616.31
100
_a
5
101
_a
SHS
245
_a
COLOR ATLAS OF ORO-FACIAL DISEASES
_c
KAY, L.W
942
_2
udc
_c
BK
999
_c
6062
_d
6062